000 00395nam a2200145Ia 4500
008 231129s1996||||xx |||||||||||||| ||spa||
020 _a84-7509-253-5
040 _bspa
082 _a792.028 S874e
100 _aStokoe Patricia
245 0 _aLa expresión corporal en el jardí­n de infantes
260 _c1996
264 _aPaidós
942 _2ddc
_cBKS
999 _c17093
_d17093